00262 a2200097 4500001001000000005001700010008004100027245003200068100001600100773004800116ART_1751520260410161750.0260409a 10aThe upside of irrationality1 aAriely, Dan0 tBook Summaryg- NÂș 14 (ene. 2011)wREV4099